Les clubs français les plus titrés - Statistiques

Statistiques générales
  • Ce quiz a été pris 38 fois
  • Le résultat moyen est 12 sur 15
Statistiques - réponses
Titres Club % Correct
12 Lille OSC
100%
27 Olympique de Marseille
100%
22 Olympique lyonnais
100%
57 Paris Saint-Germain
100%
22 AS Saint-Étienne
97%
17 FC Girondins de Bordeaux
97%
8 OGC Nice
97%
15 FC Nantes
95%
18 AS Monaco
92%
8 RC Strasbourg Alsace
86%
12 Stade de Reims
76%
6 AJ Auxerre
65%
5 FC Sochaux-Montbéliard
65%
5 Red Star
27%
6 Racing Club de France
24%
Aucun quiz correspondant
Distribution des résultats
% des personnes avec chaque résultat
Percentile par nombre de réponses
Votre historique - résultats
Vous n’avez pas pris ce quiz